000
00309nam a22001217a 4500
999
_c
534333
_d
534333
040
_c
MSOHAIL
082
_a
891.4396
100
_a
NISTE
_9
13498
245
_a
Occupational Heath ,Safety and Environment.........\
260
_a
Islamabad
_b
National Book Foundation
_c
c2007
300
_a
107;p
942
_2
ddc
_c
BK